Globalisation Enquiry 3 - Statistics

General Stats
  • This quiz has been taken 1 time
    0 since last reset
  • The average score is 0 of 83
Answer Stats
Hint Answer % Correct
Asylum seeker applications accepted +year 0.25%, 2016
0%
Widening inequality GDP/capita: Luxembourg 109,600
0%
Since 1700, X Irish people have emigrated 10 million
0%
UK migrant population, 2019 14%
0%
Reform won X votes in 2024 14.3%
0%
2002-2021 Europe GDP increase 149%
0%
Widening inequality GDP/capita: coastal China 15,000
0%
China Press Freedom Index ranking 177/180
0%
EU Schengen agreement year 1995
0%
Google withdrew services in China in... 2010
0%
Widening inequality GDP/capita: Burundi 264
0%
Widening inequality GDP/capita: rural China 4,000
0%
China, top 10% earners earnt X +year 42%, 2015
0%
% Swiss voted to stop mass immigration +year 51%, 2014
0%
2002-2021 South Asia GDP increase 549%
0%
Haiti's top quintile 65%
0%
Syrian refugees +year 6.6 million, 2011
0%
China population with internet access in 2020 68
0%
Global Climate Strike number of people +month/year 6 million, September 2019
0%
UAE migrant population, 2019 88%
0%
Development Air Quality Index
0%
Joining of eastern european countries +year Ascension Eight, 2004
0%
Multiculturalism remains due to... Asylum seekers
0%
European nationalism Brexit, 2016
0%
Migrants can influence... Built environment
0%
Controlling the spread of globalisation Censorship
0%
_____ GDP and ecological footprint have both ______ _____. China, steadily risen
0%
China aims to promote... Communist state
0%
Resource nationalism example Copper, Peru
0%
Migrants can influence... Culture
0%
Globalisation losers Deindustrialised populations
0%
Multiculturalism factors Deregulation
0%
Globalisation winners (4 words) Developed countries maintaining wealth
0%
Development Ecological footprint
0%
Development Economic Sector Balance
0%
HDI Factors Education, GDP, life expectancy, literacy
0%
Tension stems from... Experienced or percieved injustices
0%
Multiculturalism factors FDI
0%
Japan <2019: could not employ... Foreign manual labour
0%
Censorship limits Free speech
0%
Development Gender Inequality Index
0%
Income inequality indice Gini Coefficient
0%
Globalisation has had ______ ______ in some areas Greater impacts
0%
Development Gross Domestic Product
0%
Development Gross National Income
0%
Economic developement in China has a... High environmental cost
0%
Globalisation winners High income
0%
Japan <2019: required... High-level qualifications
0%
Development Human Development Index
0%
Multiculturalism remains due to... Illegal immigration
0%
European extremism may support Immigration bans
0%
Japan immigration act Immigration Control and Refugee Act, 2019
0%
Censorship limits Information access
0%
Globalisation losers Isolated populations
0%
Globalisation winners Job security
0%
Diaspora Large scale dispersal
0%
Controlling the spread of globalisation Limiting migration
0%
Sweden's top quintile <40%
0%
European nationalism National Party, France
0%
European extremism may support Neo-facism
0%
Japan <2019: companies could not be owned by... Non-Japanese
0%
Resource nationalism example Oil, USA
0%
Multiculturalism factors Open borders
0%
Migration systems Points
0%
Censorship limits Press freedom
0%
Migration systems Quotas
0%
European extremism may support Racial supremacy
0%
ESB: Ratio of the population in various industries
0%
Multiculturalism factors Refugees
0%
Controlling the spread of globalisation Resource nationalism
0%
Globalisation winners (5 words) Rising middle class in Asia
0%
Globalisation losers Rural dwellers
0%
Globalisation losers Slum dwellers
0%
Multiculturalism remains due to... Student visas
0%
Globalisation losers Sweatshop workers
0%
_______ per capita ___ has increased, but _________ _________ has fallen Sweden, GDP, ecological footprint
0%
Wealth distribution mechanisms Taxation
0%
Globalisation winners TNC billionaires
0%
GDP Total value of goods and services produced within the country
0%
Controlling the spread of globalisation Trade protectionism
0%
European nationalism UKIP
0%
Wealth distribution mechanisms Welfare
0%
China aims to limit... Western influences
0%
No matching quizzes found
Score Distribution
Percent of People with Each Score
Percentile by Number Answered
Your Score History
You have not taken this quiz since the last reset